Digital Principles and Applications /

Contenido: Principios digitales; Lógica digital; Combinación de circuitos lógicos; Circuitos de procesamiento de datos; Sistemas de números y códigos; Circuitos aritméticos; Circuitos de tiempo y relojes; Multivibrador; Registros; Contadores; Convertidores de digital a análogo y de análogo a digital...

Celý popis

Uloženo v:
Podrobná bibliografie
Hlavní autor: Malvino, Albert Paul (autor)
Další autoři: Leach, Donald P. (autor) (autor)
Médium: Kniha
Jazyk:angličtina
Vydáno: Nueva York, EUA : Glencoe : McGraw-Hill, 1999, c1995
Vydání:5a edición
Témata:
Tagy: Přidat tag
Žádné tagy, Buďte první, kdo vytvoří štítek k tomuto záznamu!

MARC

LEADER 00000nam^a2200000^a^4500
001 000165354
005 20250521000000.0
009 20260310101015.021
020 |a 0-02-801821-4 
020 |a 0-07-113459-X 
037 |a Acervo ITESO - Biblioteca 
041 |a ING 
082 |a 621. 395  |b MAL 
100 |a Malvino, Albert Paul  |e (autor) 
245 1 0 |a Digital Principles and Applications /  |c A.P. Malvino, D.P. Leach. 
250 |a 5a edición 
264 4 |a Nueva York, EUA :  |b Glencoe :  |b McGraw-Hill,  |c 1999, c1995 
300 |a X, 638 p. 
336 |a texto  |b txt  |2 rdacontenido 
337 |a sin mediación  |b n  |2 rdamedio 
338 |a volumen  |b nc  |2 rdasoporte 
520 |a Contenido: Principios digitales; Lógica digital; Combinación de circuitos lógicos; Circuitos de procesamiento de datos; Sistemas de números y códigos; Circuitos aritméticos; Circuitos de tiempo y relojes; Multivibrador; Registros; Contadores; Convertidores de digital a análogo y de análogo a digital; Memoria; Circuitos integrados digitales; Aplicaciones. 
649 |a XX 
650 |a Memorias (Ingeniería Computacional) 
650 |a Circuitos Integrados Digitales 
650 |a Circuitos Convertidores Analógico-Digital 
650 |a Circuitos Electrónicos 
650 |a Computadoras 
650 |a Electrónica Digital 
650 |a Ingeniería Computacional 
650 |a Ingeniería Electrónica 
700 |a Leach, Donald P.  |e (autor) 
910 |a Fondo General 
920 |a Impresos - Libros 
930 |a Colección General 
905 |a 101 
901 |a 0500100323  |b IT1  |c ACC  |u 20250521 
902 |a https://opac.biblio.iteso.mx/vufind/Record/000165354